| 000 | 00905naa a22002897i 4500 | ||
|---|---|---|---|
| 001 | 232493 | ||
| 003 | ES-MaBCM | ||
| 005 | 20260225141223.0 | ||
| 008 | 260225s2025 sp ||||| |||| 00| 0 spa d | ||
| 040 | _cES-MaBCM | ||
| 100 | 1 |
_aRoggero, Caterina _9131195 |
|
| 245 | 1 | 3 |
_aEl Pacto por el Mediterráneo : _bun intento a la baja de reactivar el partenariado _cCaterina Roggero |
| 650 | 7 |
_aRelaciones de la Unión Europea _960072 |
|
| 651 | 4 |
_aMediterráneo (Región) _9115422 |
|
| 651 | 4 |
_aMarruecos _9115352 |
|
| 651 | 4 |
_aArgelia _9115550 |
|
| 651 | 4 |
_aTúnez _9115549 |
|
| 651 | 4 |
_aLibia _9115416 |
|
| 651 | 4 |
_aEgipto _9115524 |
|
| 651 | 4 |
_aIsrael _9115528 |
|
| 651 | 0 |
_aJordania _9119295 |
|
| 651 | 4 |
_aLibia _9115416 |
|
| 651 | 4 |
_aSiria _9115904 |
|
| 651 | 0 |
_aPalestina _9118533 |
|
| 773 | 0 |
_dMadrid _gN. 76 (otoño-invierno 2025), p. 14-17 - Loc. S.471 _tAfkar ideas _w105599 |
|
| 942 |
_2udc _cAREV |
||
| 999 |
_c232493 _d232493 |
||